| 000 | 01012cab a2200325 4500 | ||
|---|---|---|---|
| 001 | ABS54775 | ||
| 008 | 090401t1996 xxu||||| |||| 00| 0 eng d | ||
| 035 | _a(Sirsi) u12217 | ||
| 041 | _aeng | ||
| 245 | 2 | _aA golden parachute or a spot of gardening leave? | |
| 260 | _c1996 | ||
| 350 | _a0 | ||
| 490 |
_aEstates Gazette _v(9611) 16 March 1996, 128-130(2) |
||
| 520 | _aMainly for Students on the contractual rights of directors and senior employees dismissed before contract of employment has expired. | ||
| 650 | _aABRAHAMS V PERFORMING RIGHTS SOCIETY | ||
| 650 | _aCOMPANY LAW | ||
| 650 | _aCONTRACT OF EMPLOYMENT | ||
| 650 | _aDISMISSAL | ||
| 650 | _aEMPLOYMENT CONTRACTS | ||
| 650 | _aEMPLOYMENT LAW | ||
| 650 | _aGARDENING LEAVE CLAUSES | ||
| 650 | _aMONEY IN LIEU OF NOTICE | ||
| 650 | _aRESTRAINT OF TRADE | ||
| 650 | _aUNLAWFUL DISMISSAL | ||
| 650 | _aWRONGFUL DISMISSAL | ||
| 690 | _aLAW | ||
| 690 | _aOFFICE SERVICES AND ADMINISTRATION | ||
| 942 | _n0 | ||
| 948 | _c04/03/1997 | ||
| 999 |
_c7820 _d7820 |
||